| 000 | 00555cam a2200205ua 4500 | ||
|---|---|---|---|
| 001 | 2610 | ||
| 005 | 20260515113532.0 | ||
| 008 | 110829n ii |||gr||||Z||||||eng | ||
| 040 | _cMAIN | ||
| 082 | _a491.451 | ||
| 100 | 1 |
_aKakati, Banikanta, _eAuthor. |
|
| 245 | 1 | 1 |
_aAssamese it`s formation ansd development _cby Banikanta Kakati |
| 250 | _a5th. | ||
| 260 |
_aGuahati: _bLBS publication,995. |
||
| 300 |
_axiii; 432p: _c23cm. |
||
| 653 | _aLanguage | ||
| 653 | _aAssamese language | ||
| 653 | _aAssamese it`s formation ansd development | ||
| 942 | _cBK | ||
| 999 |
_c2460 _d2460 |
||